Velocidad personal /

Zapisane w:
Opis bibliograficzny
1. autor: Miller, Rebecca (autor)
Kolejni autorzy: Tusquets, Esther (traducción) (traducción)
Format: Książka
Język:hiszpański
Wydane: Barcelona, España : Anagrama, 2001, c2001
Seria:(Panorama de Narrativas ; 536)
Hasła przedmiotowe:
Etykiety: Dodaj etykietę
Nie ma etykietki, Dołącz pierwszą etykiete!

MARC

LEADER 00000nam^a2200000^a^4500
001 000165497
005 20250521000000.0
009 20260310101021.849
020 |a 84-339-6996-X 
037 |a Acervo ITESO - Biblioteca 
041 |a ESP 
082 |a 813.  |b MIL 
100 |a Miller, Rebecca  |e (autor) 
240 1 1 |a [Velocidad personal] 
245 1 0 |a Velocidad personal /  |c R. Miller ; tr. por E. Tusquets, N. Busquets. 
264 4 |a Barcelona, España :  |b Anagrama,  |c 2001, c2001 
300 |a 169 p. 
336 |a texto  |b txt  |2 rdacontenido 
337 |a sin mediación  |b n  |2 rdamedio 
338 |a volumen  |b nc  |2 rdasoporte 
440 1 |a (Panorama de Narrativas ;  |v 536) 
500 |a Traducción de: Personal Velocity 
649 |a XX 
650 |a Cuentos Norteamericanos 
650 |a Literatura Norteamericana -  |y Siglo XXI 
650 |a Literatura de Mujeres -  |z EUA 
650 |a Mujeres en la Literatura 
700 |a Tusquets, Esther  |e (traducción) 
910 |a Fondo General 
920 |a Impresos - Libros 
930 |a Colección General 
940 |a Literatura 
905 |a 101 
901 |a 0500099922  |b IT1  |c LIT  |u 20250521 
902 |a https://opac.biblio.iteso.mx/vufind/Record/000165497